000 00634nam a2200217 i 4500
001 188600
003 ES-MaACL
005 20251005063141.0
007 t|
008 190103s1965 sp ||||1| spa d
100 1 _aGil Tovar, Francisco,
_d1923-
_956883
245 1 0 _a¿A dónde va el arte? /
_cF. Gil Tovar.
260 _aMadrid :
_bEditora Nacional,
_c1965.
300 _aX, 156 p. ;
_c23 cm.
490 1 _aColección "Ensayo" ;
_v48
650 0 7 _aArte
_2embne
_910068
830 0 _aColección Ensayo (Editora Nacional)
_v48
_9235422
852 _aES-MaACL
_jP-205-Ter-4
942 _2udc
999 _c188600
_d188600